000 00229nam a22000857a 4500
008 160912b xxu||||| |||| 00| 0 eng d
100 _9403
_aGupta.R.G. etal
245 _aComposide Mathematics
260 _aNew Delhi
_bAPC Publishers
_c2012
999 _c3061
_d3061